000 00398nam a2200181Ia 4500
001 359
005 20260306140512.0
008 260306t1999||||xx |||||||||||||| ||spa||
041 _aESP
082 _a110
_bA72 1999
100 _aAristóteles
_eAUT
245 0 _aMetafísica
260 _c1999
300 _a258 páginas :
_c22 cm.
650 _aGEN
654 _aCHU
942 _cLIB
_dJUS
_fJUS
_2ddc
_n
999 _c359
_d359